000 01071nam a22003250a 4500
001 PT59637
003 AR-LpoUNG
005 20260120152743.0
008 201001s2018||||ag |||||||||||||||||spa d
020 _a9789876303262
_c$2
040 _aAR-LpoUNG
_bspa
_eaacr
041 _aspa
044 _aag
082 0 _a410 154pra
100 1 _aValente, Elena
_ecoor.
245 1 4 _aLas prácticas de lectura y escritura en la comunidad académica
250 _a1ra. ed.
260 _aLos Polvorines :
_bUniversidad Nacional de General Sarmiento,
_c2018.
300 _a307 p. :
_bil., gráfs., tbls., fot.
490 0 _aTextos básicos : lengua y literatura ;
_v25
500 _aLos ítems 00066166 al 00066185 corresponden a la primera edición, tercera reimpresión del año 2019.
650 4 _aENSEÑANZA SUPERIOR
650 4 _aESCRITURA
650 4 _aLECTURA
650 4 _aLINGÜISTICA
700 1 _aGarcía, Mónica
_ecoor.
856 4 0 _uhttp://repositorio.ungs.edu.ar:8080/xmlui/handle/UNGS/792
_yTexto completo
905 _a59637
942 _cLIB
_2ddc
999 _c51538
_d51538